|
|
|
|
| LEADER |
00000nam0a2200000 4500 |
| 001 |
258814 |
| 005 |
20231101233328.0 |
| 010 |
|
|
|a 5714000110
|
| 035 |
|
|
|a (RuTPU)RU\TPU\book\281703
|
| 090 |
|
|
|a 258814
|
| 100 |
|
|
|a 20140428d1988 k y0rusy50 ca
|
| 101 |
0 |
|
|a rus
|
| 102 |
|
|
|a RU
|
| 105 |
|
|
|a a z 001zb
|
| 200 |
1 |
|
|a Иоганнес Брамс
|e монографический очерк
|f М. С. Друскин
|
| 205 |
|
|
|a 4-е изд.
|
| 210 |
|
|
|a Ленинград
|c Музыка
|d 1988
|
| 215 |
|
|
|a 96 с.
|c ил.
|
| 320 |
|
|
|a Библиогр.: с. 90-95.
|
| 600 |
|
1 |
|a Брамс
|b И.
|c немецкий композитор
|f 1833-1897
|g Иоганнес
|2 stltpush
|3 (RuTPU)RU\TPU\pers\12616
|9 3575
|
| 606 |
1 |
|
|a Композиторы
|2 stltpush
|3 (RuTPU)RU\TPU\subj\15032
|9 41330
|
| 610 |
1 |
|
|a музыка
|
| 610 |
1 |
|
|a Германия
|
| 610 |
1 |
|
|a 19 век
|
| 610 |
1 |
|
|a история
|
| 610 |
1 |
|
|a персоналии
|
| 675 |
|
|
|a 78.071.1(092)
|v 3
|
| 700 |
|
1 |
|a Друскин
|b М. С.
|g Михаил Семенович
|
| 801 |
|
1 |
|a RU
|b 63413507
|c 20140428
|
| 801 |
|
2 |
|a RU
|b 63413507
|c 20150126
|g RCR
|
| 942 |
|
|
|c BK
|